La economía agraria de América Latina y el trabajador campesino

Gespeichert in:
Bibliographische Detailangaben
1. Verfasser: Poblete Troncoso, Moisés (autor)
Format: Buch
Sprache:Spanisch
Veröffentlicht: Santiago Ediciones Universidad de Chile 1953
Ausgabe:1a. ed
Schlagworte:
Tags: Tag hinzufügen
Keine Tags, Fügen Sie den ersten Tag hinzu!

MARC

LEADER 00000cam a2200000 a 4500
001 UCB0061
003 CL-VaPUC
005 20250404120231.0
008 191206e19530000cl spa d
082 0 4 |a 361.98  |b POB  |2 21 
100 |a Poblete Troncoso, Moisés  |e autor  |9 605356 
245 1 3 |a La economía agraria de América Latina y el trabajador campesino 
250 |a 1a. ed 
260 |a Santiago  |b Ediciones Universidad de Chile  |c 1953 
300 |a 314 p 
583 |a last modification  |c 20191206 10:52:00  |k Rodrigo Vera 
650 0 7 |a POLITICA AGRARIA  |2 CL-VaPUC  |9 264314 
650 0 0 |a REFORMA AGRARIA  |9 256789 
650 0 7 |a CAMPESINOS  |2 CL-VaPUC  |9 315355 
942 |c BK 
945 |a dcastane  |d 20191206 10:52:00 
999 |c 376287  |d 376285 
952 |0 0  |1 0  |3 erb  |4 0  |6 361_980000000000000_POB_1953  |7 0  |8 A  |9 495652  |a BIBDER  |b BIBDER  |i 561127K  |o 361.98 POB 1953  |p 561127K  |r 2023-01-25  |w 2020-01-06  |y BK  |z Catalogado en:20191206  |k DER